[Event "IND-ch U13 Girls"]
[Site "Gujarath"]
[Date "2016.07.30"]
[Round "11"]
[White "Rindhiya, V."]
[Black "Prachi, Bharti"]
[Result "1/2-1/2"]
[WhiteElo "1638"]
[BlackElo "1387"]
[PlyCount "76"]
[EventDate "2016.07.22"]
[EventType "swiss"]
[EventRounds "11"]
[EventCountry "IND"]
[SourceTitle "EXT 2017"]
[Source "ChessBase"]
[SourceDate "2016.10.25"]
[SourceVersion "1"]
[SourceVersionDate "2016.10.25"]
[SourceQuality "1"]

1. e4 d5 2. exd5 Qxd5 3. Nc3 Qa5 4. d4 c6 5. Nf3 Bg4 6. Be2 Nf6 7. h3 Bh5 8. 0-0 e6 9. Ne5 Bxe2 10. Qxe2 Be7 11. Re1 0-0 12. Be3 Qd8 13. Rad1 Nbd7 14. f4 Nd5 15. Nxd5 exd5 16. Qg4 Nf6 17. Qe2 Ne4 18. Nf3 Bh4 19. Nxh4 Qxh4 20. c4 Rfe8 21. c5 Re6 22. Qf3 Rae8 23. f5 R6e7 24. Bf2 Nxf2 25. Rxe7 Nxh3+ 26. Qxh3 Qxe7 27. Rd3 Qf6 28. Qf3 Qh4 29. Qg3 Re1+ 30. Kf2 Qe4 31. Qb8+ Qe8 32. Qxe8+ Rxe8 33. a4 Re4 34. Rb3 Re7 35. Rd3 Kf8 36. a5 a6 37. g4 h6 38. Kg3 Ke8 1/2-1/2

[Event "IND-ch U13 Girls"]
[Site "Gujarath"]
[Date "2016.07.25"]
[Round "5"]
[White "Jain, Nityata"]
[Black "Prachi, Bharti"]
[Result "1-0"]
[WhiteElo "1680"]
[BlackElo "1387"]
[PlyCount "73"]
[EventDate "2016.07.22"]
[EventType "swiss"]
[EventRounds "11"]
[EventCountry "IND"]
[SourceTitle "EXT 2017"]
[Source "ChessBase"]
[SourceDate "2016.10.25"]
[SourceVersion "1"]
[SourceVersionDate "2016.10.25"]
[SourceQuality "1"]

1. e4 d5 2. exd5 Qxd5 3. Nc3 Qa5 4. d4 Bf5 5. Nf3 Nf6 6. Bc4 e6 7. Bd2 c6 8. Nd5 Qd8 9. Nxf6+ gxf6 10. Bb3 Bg4 11. h3 Bh5 12. Qe2 Nd7 13. 0-0-0 Qe7 14. a3 0-0-0 15. Kb1 Bg7 16. Rhe1 Nb6 17. Bb4 Qe8 18. Bc5 Kc7 19. Qd2 Kb8 20. Qa5 Bxf3 21. gxf3 Nc8 22. Qd2 b6 23. Bb4 f5 24. Qf4+ Kb7 25. d5 c5 26. Bc3 Bxc3 27. bxc3 Qb5 28. dxe6 Rxd1+ 29. Rxd1 fxe6 30. a4 Qc6 31. Qe5 Re8 32. Bc4 Qxa4 33. Qe2 Re7 34. Bxe6 Qe8 35. Re1 Kb8 36. Qe5+ Ka8 37. Bd5+ 1-0

[Event "IND-ch U13 Girls"]
[Site "Gujarath"]
[Date "2016.07.23"]
[Round "2"]
[White "Prachi, Bharti"]
[Black "Mrudul, Dehankar"]
[Result "0-1"]
[WhiteElo "1387"]
[BlackElo "1701"]
[PlyCount "117"]
[EventDate "2016.07.22"]
[EventType "swiss"]
[EventRounds "11"]
[EventCountry "IND"]
[SourceTitle "EXT 2017"]
[Source "ChessBase"]
[SourceDate "2016.10.25"]
[SourceVersion "1"]
[SourceVersionDate "2016.10.25"]
[SourceQuality "1"]

1. e4 c5 2. c3 g6 3. d4 cxd4 4. cxd4 d5 5. e5 Bg7 6. Nc3 Nc6 7. h3 Nh6 8. Nf3 0-0 9. Bd3 Nf5 10. Bxf5 Bxf5 11. 0-0 Qd7 12. Kh2 f6 13. exf6 Bxf6 14. Bf4 Be4 15. Ne5 Qf5 16. Bh6 Nxd4 17. Nxe4 Qxe5+ 18. Ng3 Bg7 19. Re1 Qf6 20. Bxg7 Qxg7 21. Qd2 Rad8 22. Rac1 Nc6 23. Rc5 Qf7 24. f3 e5 25. b4 Rfe8 26. b5 Nd4 27. Rec1 Rd7 28. Rc8 Nxb5 29. R1c5 Nd4 30. Qc3 Rxc8 31. Rxc8+ Kg7 32. Qe3 Qf4 33. Qe1 Nf5 34. Re8 Nxg3 35. Qxg3 Qxg3+ 36. Kxg3 Kf6 37. Rf8+ Ke6 38. Ra8 d4 39. Kf2 b6 40. Rc8 Kd5 41. Ke2 e4 42. fxe4+ Kxe4 43. Re8+ Kf4 44. Kd3 Kg3 45. Re2 b5 46. a3 g5 47. Rc2 h5 48. Rc5 Kf4 49. h4 gxh4 50. Rxh5 Kg4 51. Rh8 Rc7 52. Kxd4 Rc4+ 53. Kd3 Ra4 54. Rg8+ Kf4 55. Rf8+ Kg3 56. Rg8+ Kf2 57. Rf8+ Kxg2 58. Rg8+ Kh2 59. Ke2 0-1